• 首页
  • 本馆介绍
  • 公告通知
  • 最新文献
  • 馆藏检索
  • 电子资源
  • 读者导购
  • 参考咨询
  • 我的图书馆
  • 登录
  • 详细信息显示
  • 放入我的书架
  • 预约/预借图书
  • 作者相关作品
  • 分类相关作品
  • 丛书相关作品
  • 出版社相关作品

书目信息

  • 表格格式
  • 工作单格式
  • 卡片格式
题名:
络合催化聚合合成橡胶
    
 
作者: 黄葆同 著
分册:  
出版信息: 北京   科学出版社  1981
页数: 502页
开本: 21cm
丛书名:
单 册:
中图分类: TQ330.53
科图分类:
主题词: 络合催化-合成橡胶--生产工艺 , 合成橡胶-络合催化--生产工艺
电子资源:
ISBN:
000 00642nam0 2200229 45
001 0181003798
005 20060802081948.68
010    @dCNY3.00
100    @a19950510d1981 em y0chiy0121 ea
101 0  @achi
102    @aCN@b110000
105    @ay z 000yy
200 10 @a络合催化聚合合成橡胶@Aluo he cui hua ju he he cheng xiang jiao@f黄葆同著
210    @a北京@c科学出版社@d1981
215    @a502页@d21cm
606    @a络合催化-合成橡胶@x生产工艺
606    @a合成橡胶-络合催化@x生产工艺
690    @aTQ330.53@v3
701  0 @a黄葆同@Ahuang bao tong@4著
801  2 @aCN@bNLC@c20060802
801  0 @aCN@bTSSF
905    @a10447@dTQ330.53@e6
    
    络合催化聚合合成橡胶/黄葆同著.-北京:科学出版社,1981
    502页;21cm
    
    
    ISBN :CNY3.00
    
●
相关链接 在E读中查询图书 在五车中查询图书 在当当中查询图书 在豆瓣中查询图书


正题名:络合催化聚合合成橡胶     索取号:TQ330.53/6         预约/预借

序号 登录号 条形码 馆藏地/架位号 状态 备注
1 0434402   204344021   密集书库/ [索取号:TQ330.53/6] 在馆    
唐山师范学院图书馆 欢迎您!
大连网信软件有限公司© 版权所有